| 000 | 00346nam a2200133Ia 4500 | ||
|---|---|---|---|
| 008 | 180222s9999||||xx |||||||||||||| ||und|| | ||
| 020 |
_cNT _700 _a978-957-8671-38-6 |
||
| 100 | _a葉東坡 | ||
| 245 | 0 |
_c葉東坡 _a永大簡明道氏醫學辭典 |
|
| 250 | _a二版 | ||
| 260 |
_c2012 _a台北市 |
||
| 300 |
_c cm. _a p. |
||
| 500 | _a放置單位 : 3A | ||
| 942 |
_2ccl _cBOOK |
||
| 999 |
_c6158 _d6158 |
||